[Event "Madrid 2019-2020 ch - Previa A"]
[Site "Madrid ESP"]
[Date "2020.02.10"]
[Round "4.4"]
[White "Viñas Lopez, Carlos"]
[Black "Alvarez Abejon, Amilcar"]
[Result "0-1"]
[WhiteElo "1876"]
[BlackElo "1947"]
[PlyCount "92"]
[EventDate "2020.02.03"]
[EventType "swiss"]
[EventRounds "9"]
[EventCountry "ESP"]
[SourceTitle "Ajedrez en Madrid"]
[Source "lmi"]
[SourceDate "2020.02.03"]
[SourceVersion "1"]
[SourceVersionDate "2020.02.27"]
[SourceQuality "1"]

1. d4 e6 2. Nf3 f5 3. g3 Nf6 4. Bg2 d5 5. O-O Bd6 6. b3 Qe7 7. Bb2 O-O 8. c4 c6
9. Nbd2 b6 10. Ne5 Bb7 11. Rc1 Ne4 12. f3 Nxd2 13. Qxd2 Bxe5 14. dxe5 c5 15.
Rfd1 Na6 16. e3 Rad8 17. Qe2 Nc7 18. f4 Rd7 19. Rc2 Rfd8 20. Rcd2 Ba6 21. Bf1
dxc4 22. Rxd7 Rxd7 23. Rxd7 Qxd7 24. bxc4 Bb7 25. Qd3 Qc6 26. e4 Qxe4 27. Qxe4
Bxe4 28. Kf2 Kf7 29. Ke3 Ke7 30. Be2 Kd7 31. g4 g6 32. gxf5 gxf5 33. a4 a6 34.
Bc1 Bc6 35. Bd1 b5 36. axb5 axb5 37. Bb3 bxc4 38. Bxc4 Bd5 39. Be2 Kc6 40. Kd2
c4 41. Kc3 Nb5+ 42. Kb4 Nd4 43. Bxc4 Bxc4 44. Kxc4 Nf3 45. h3 h5 46. Be3 Nh4
0-1

[Event "Madrid 2019-2020 ch - Previa A"]
[Site "Madrid ESP"]
[Date "2020.02.10"]
[Round "4.5"]
[White "Lozano Sanchez, Jose Antonio"]
[Black "Rodriguez Diaz, Alberto Jose"]
[Result "0-1"]
[WhiteElo "1832"]
[BlackElo "1910"]
[PlyCount "90"]
[EventDate "2020.02.03"]
[EventType "swiss"]
[EventRounds "9"]
[EventCountry "ESP"]
[SourceTitle "Ajedrez en Madrid"]
[Source "lmi"]
[SourceDate "2020.02.03"]
[SourceVersion "1"]
[SourceVersionDate "2020.02.27"]
[SourceQuality "1"]

1. e4 e5 2. Nf3 Nc6 3. Bc4 Bc5 4. Nc3 Nf6 5. d3 d6 6. Bg5 h6 7. Be3 Bb6 8. h3
Be6 9. Nd5 Bxe3 10. Nxe3 d5 11. exd5 Nxd5 12. Bxd5 Bxd5 13. Nxd5 Qxd5 14. O-O
g5 15. Nh2 O-O-O 16. Qf3 Nd4 17. Qd1 h5 18. Re1 Rdg8 19. c3 Ne6 20. Qf3 Qd6 21.
Qe3 g4 22. h4 Qd5 23. Qxe5 Qxd3 24. Qe3 Qxe3 25. Rxe3 Rd8 26. Kf1 Rd2 27. Re2
Rhd8 28. g3 Nc5 29. b3 R8d3 30. c4 Ne6 31. Ke1 Rxe2+ 32. Kxe2 Rd6 33. f3 Nd4+
34. Kf2 Nxf3 35. Nf1 Kd7 36. Ne3 Rd2+ 37. Kf1 Nh2+ 38. Ke1 Nf3+ 39. Kf1 c6 40.
Rd1 Ke6 41. Rxd2 Nxd2+ 42. Ke2 Ne4 43. Nf1 Ke5 44. Kd3 f5 45. Ke3 Nxg3 0-1

[Event "Madrid 2019-2020 ch - Previa A"]
[Site "Madrid ESP"]
[Date "2020.02.10"]
[Round "4.6"]
[White "Moreno Uribarri, Miguel"]
[Black "Rosa Ramirez, Victor D."]
[Result "1/2-1/2"]
[WhiteElo "1802"]
[BlackElo "1888"]
[PlyCount "51"]
[EventDate "2020.02.03"]
[EventType "swiss"]
[EventRounds "9"]
[EventCountry "ESP"]
[SourceTitle "Ajedrez en Madrid"]
[Source "lmi"]
[SourceDate "2020.02.03"]
[SourceVersion "1"]
[SourceVersionDate "2020.02.27"]
[SourceQuality "1"]

1. e4 e5 2. Nf3 Nc6 3. Bc4 Nf6 4. Ng5 d5 5. exd5 Na5 6. Bb5+ c6 7. dxc6 bxc6 8.
Qf3 Be7 9. Bd3 O-O 10. O-O h6 11. Ne4 Nd5 12. Ng3 Nf4 13. Bf5 Bb7 14. d3 g6 15.
Qg4 h5 16. Qf3 h4 17. Bxf4 exf4 18. Qg4 fxg3 19. Bxg6 gxf2+ 20. Rxf2 Bg5 21.
Rf5 fxg6 22. Rxg5 Rf6 23. Rxg6+ Rxg6 24. Qxg6+ Kh8 25. Qh6+ Kg8 26. Qg6+
1/2-1/2

[Event "Madrid 2019-2020 ch - Previa A"]
[Site "Madrid ESP"]
[Date "2020.02.10"]
[Round "4.7"]
[White "Cardena Contreras, Javier"]
[Black "Fernandez Rios, Jose Francisco"]
[Result "1/2-1/2"]
[WhiteElo "1887"]
[BlackElo "1794"]
[PlyCount "56"]
[EventDate "2020.02.03"]
[EventType "swiss"]
[EventRounds "9"]
[EventCountry "ESP"]
[SourceTitle "Ajedrez en Madrid"]
[Source "lmi"]
[SourceDate "2020.02.03"]
[SourceVersion "1"]
[SourceVersionDate "2020.02.27"]
[SourceQuality "1"]

1. e4 c5 2. Nf3 g6 3. d4 cxd4 4. Qxd4 Nf6 5. e5 Nc6 6. Qa4 Nd5 7. Qe4 Nc7 8.
Nc3 Bg7 9. Bf4 b6 10. O-O-O Bb7 11. Qe3 h5 12. Ng5 O-O 13. e6 Nxe6 14. Nxe6
fxe6 15. Bc4 Kh7 16. Kb1 Qe8 17. Bg5 d5 18. Bd3 d4 19. Qh3 Ne5 20. Ne4 Nxd3 21.
cxd3 Bxe4 22. dxe4 Rxf2 23. Bh4 Rxb2+ 24. Kxb2 d3+ 25. Ka3 Qb5 26. Rb1 Qa5+ 27.
Kb3 Qc3+ 28. Ka4 Qa5+ 1/2-1/2

[Event "Madrid 2019-2020 ch - Previa A"]
[Site "Madrid ESP"]
[Date "2020.02.10"]
[Round "4.8"]
[White "Vazquez Gonzalez, Jesus"]
[Black "Jimenez Gonzalez, Marcos"]
[Result "1-0"]
[WhiteElo "1983"]
[BlackElo "1811"]
[PlyCount "51"]
[EventDate "2020.02.03"]
[EventType "swiss"]
[EventRounds "9"]
[EventCountry "ESP"]
[SourceTitle "Ajedrez en Madrid"]
[Source "lmi"]
[SourceDate "2020.02.03"]
[SourceVersion "1"]
[SourceVersionDate "2020.02.27"]
[SourceQuality "1"]

1. e4 c6 2. Nc3 d5 3. Nf3 Bg4 4. h3 Bxf3 5. Qxf3 e6 6. d4 dxe4 7. Qxe4 Nf6 8.
Qe3 Nbd7 9. Be2 Bd6 10. O-O O-O 11. a4 Nd5 12. Qf3 Nxc3 13. Qxc3 e5 14. Rd1 Qe7
15. dxe5 Nxe5 16. Be3 Ng6 17. a5 Nf4 18. Bf3 Rfd8 19. Ra4 Ne6 20. Rc4 a6 21.
Re1 Qd7 22. Bg4 Re8 23. Re4 g6 24. Bh6 Bf8 25. Bxf8 Rxf8 26. Rxe6 1-0

[Event "Madrid 2019-2020 ch - Previa A"]
[Site "Madrid ESP"]
[Date "2020.02.10"]
[Round "4.9"]
[White "Hernandez Gutierrez, Jose"]
[Black "Pinel Mirasierra, Jose Pablo"]
[Result "0-1"]
[WhiteElo "1785"]
[BlackElo "1966"]
[PlyCount "104"]
[EventDate "2020.02.03"]
[EventType "swiss"]
[EventRounds "9"]
[EventCountry "ESP"]
[SourceTitle "Ajedrez en Madrid"]
[Source "lmi"]
[SourceDate "2020.02.03"]
[SourceVersion "1"]
[SourceVersionDate "2020.02.27"]
[SourceQuality "1"]

1. d4 Nf6 2. c4 b6 3. Nc3 Bb7 4. f3 d5 5. cxd5 Nxd5 6. e4 Nf6 7. Be3 e6 8. Bd3
Nbd7 9. Rc1 Be7 10. Nge2 O-O 11. O-O c5 12. dxc5 Bxc5 13. Bxc5 Nxc5 14. Bb1 e5
15. b4 Ne6 16. Qxd8 Rfxd8 17. Rfd1 Rac8 18. Rxd8+ Rxd8 19. Rd1 Rxd1+ 20. Nxd1
Ba6 21. Kf2 Bxe2 22. Kxe2 Ne8 23. Ne3 Kf8 24. Bd3 Nd6 25. g3 Nd4+ 26. Kf2 f6
27. f4 Ke7 28. Nd5+ Kd7 29. Ke3 Nc8 30. g4 Ne7 31. Nxe7 Kxe7 32. h4 Kd6 33. a3
a5 34. bxa5 bxa5 35. g5 Kc5 36. h5 Nb5 37. h6 exf4+ 38. Kxf4 fxg5+ 39. Kxg5
gxh6+ 40. Kxh6 Nxa3 41. e5 Kd5 42. e6 Kxe6 43. Bxh7 a4 44. Kg5 Ke5 45. Bg6 Nc4
46. Bc2 a3 47. Bb3 Kd4 48. Kf4 Kc3 49. Ba2 Na5 50. Ke3 Kb2 51. Kd3 Kxa2 52. Kc2
Nb3 0-1

[Event "Madrid 2019-2020 ch - Previa A"]
[Site "Madrid ESP"]
[Date "2020.02.10"]
[Round "4.10"]
[White "Gil Sierra, Jacinto"]
[Black "Garcia Gonzalez, Pedro A."]
[Result "1-0"]
[WhiteElo "1945"]
[BlackElo "1743"]
[PlyCount "55"]
[EventDate "2020.02.03"]
[EventType "swiss"]
[EventRounds "9"]
[EventCountry "ESP"]
[SourceTitle "Ajedrez en Madrid"]
[Source "lmi"]
[SourceDate "2020.02.03"]
[SourceVersion "1"]
[SourceVersionDate "2020.02.27"]
[SourceQuality "1"]

1. e4 e5 2. Nf3 Nc6 3. Bb5 a6 4. Bxc6 dxc6 5. O-O Bg4 6. h3 h5 7. d3 Qf6 8.
Nbd2 Ne7 9. Nc4 Ng6 10. hxg4 hxg4 11. Bg5 Qe6 12. Nh2 f6 13. Be3 b5 14. Nd2 Bd6
15. Qxg4 Qf7 16. g3 Rd8 17. Nb3 Nf8 18. Nf3 g5 19. d4 Ng6 20. Rfd1 O-O 21. Rd3
Rde8 22. Rc3 exd4 23. Bxd4 Ne5 24. Bxe5 Bxe5 25. Nxe5 Rxe5 26. Rd1 Rfe8 27. f3
Qg6 28. Rxc6 1-0

[Event "Madrid 2019-2020 ch - Previa A"]
[Site "Madrid ESP"]
[Date "2020.02.10"]
[Round "4.11"]
[White "Roldan Garcia, Angel"]
[Black "Esteban Amo, Jose M."]
[Result "0-1"]
[WhiteElo "1809"]
[BlackElo "1932"]
[PlyCount "142"]
[EventDate "2020.02.03"]
[EventType "swiss"]
[EventRounds "9"]
[EventCountry "ESP"]
[SourceTitle "Ajedrez en Madrid"]
[Source "lmi"]
[SourceDate "2020.02.03"]
[SourceVersion "1"]
[SourceVersionDate "2020.02.27"]
[SourceQuality "1"]

1. e4 c5 2. c3 d5 3. exd5 Nf6 4. d4 Nxd5 5. dxc5 Nc6 6. Bc4 e6 7. Nf3 Bxc5 8.
O-O O-O 9. Nbd2 h6 10. Ne4 Be7 11. Qe2 Qc7 12. Bb3 Nf6 13. Nxf6+ Bxf6 14. Re1
Ne7 15. Bc2 Rd8 16. Qe4 Ng6 17. h4 Qc6 18. Qxc6 bxc6 19. h5 Ne7 20. Ne5 Ba6 21.
Bb3 Rac8 22. Ng4 Bg5 23. Bxg5 hxg5 24. Re5 Nf5 25. Ne3 Nxe3 26. Rxe3 Rd2 27.
Rg3 Rxb2 28. Rd1 c5 29. Rd6 Be2 30. c4 a5 31. Ra6 Rb1+ 32. Kh2 Rc1 33. Rxa5
Bxc4 34. Rxg5 Bxb3 35. axb3 c4 36. bxc4 R8xc4 37. h6 Rh4+ 38. Kg3 Rxh6 39. Ra8+
Kh7 40. Ra7 Rc3+ 41. f3 Rg6 42. Rxg6 Kxg6 43. Rb7 e5 44. Rb4 Rd3 45. Rg4+ Kf6
46. Rc4 Kf5 47. Rc7 Kg6 48. Rc6+ f6 49. Rc4 Kf5 50. Rb4 g5 51. Ra4 Rd4 52. Ra6
g4 53. Kf2 gxf3 54. gxf3 e4 55. fxe4+ Rxe4 56. Kf3 Rb4 57. Ra5+ Kg6 58. Kg3 f5
59. Ra6+ Kg5 60. Ra8 Rb3+ 61. Kf2 Kg4 62. Ra4+ f4 63. Rc4 Rb2+ 64. Ke1 Kg3 65.
Rc8 Rb1+ 66. Kd2 Kf2 67. Rf8 f3 68. Kd3 Re1 69. Kd2 Re7 70. Kd3 Rd7+ 71. Ke4
Ke2 0-1

[Event "Madrid 2019-2020 ch - Previa A"]
[Site "Madrid ESP"]
[Date "2020.02.10"]
[Round "4.13"]
[White "Lizon Martinez, Santiago"]
[Black "Baeza Escudero, Javier"]
[Result "1/2-1/2"]
[WhiteElo "1738"]
[BlackElo "1884"]
[PlyCount "99"]
[EventDate "2020.02.03"]
[EventType "swiss"]
[EventRounds "9"]
[EventCountry "ESP"]
[SourceTitle "Ajedrez en Madrid"]
[Source "lmi"]
[SourceDate "2020.02.03"]
[SourceVersion "1"]
[SourceVersionDate "2020.02.27"]
[SourceQuality "1"]

1. e4 e5 2. Nf3 Nc6 3. Bb5 Nf6 4. d3 d6 5. c3 Be7 6. O-O O-O 7. h3 Nb8 8. Nbd2
c6 9. Ba4 Re8 10. d4 Bf8 11. Re1 g6 12. Bc2 Bg7 13. dxe5 dxe5 14. Nc4 Qc7 15.
Qd6 Qd7 16. Qxd7 Nbxd7 17. Nd6 Re6 18. Rd1 Bf8 19. Nxc8 Rxc8 20. Bg5 h6 21. Bh4
g5 22. Bg3 Rce8 23. b4 c5 24. a3 b5 25. a4 a6 26. axb5 axb5 27. Ra7 Nb6 28.
bxc5 Bxc5 29. Ra5 Nh5 30. Bh2 Nf4 31. Bxf4 exf4 32. Rxb5 Rc6 33. Bb1 Na4 34.
Rb3 Bf8 35. c4 Rxc4 36. Bd3 Rc3 37. Rxc3 Nxc3 38. Re1 Rd8 39. Bc4 Bc5 40. Ne5
Rd2 41. Nd3 Bd4 42. e5 Nd1 43. e6 fxe6 44. Rxe6 Kf8 45. Rxh6 Nxf2 46. Nxf2 Rxf2
47. Kh2 Be5 48. Kg1 Rc2 49. Bd5 Bd4+ 50. Kf1 1/2-1/2

[Event "Madrid 2019-2020 ch - Previa A"]
[Site "Madrid ESP"]
[Date "2020.02.10"]
[Round "4.14"]
[White "Marcos Herrero, Francisco"]
[Black "Hernandez Garcia, Carlos"]
[Result "0-1"]
[WhiteElo "1883"]
[BlackElo "1679"]
[PlyCount "70"]
[EventDate "2020.02.03"]
[EventType "swiss"]
[EventRounds "9"]
[EventCountry "ESP"]
[SourceTitle "Ajedrez en Madrid"]
[Source "lmi"]
[SourceDate "2020.02.03"]
[SourceVersion "1"]
[SourceVersionDate "2020.02.27"]
[SourceQuality "1"]

1. Nf3 d5 2. d4 e6 3. g3 Nf6 4. Bg2 Be7 5. O-O O-O 6. c4 c6 7. Qc2 Nbd7 8. Nbd2
b6 9. e4 Bb7 10. e5 Ne8 11. cxd5 cxd5 12. Re1 Rc8 13. Qa4 a6 14. Nf1 b5 15. Qd1
Nb6 16. h4 h5 17. Bg5 g6 18. Qd3 Ng7 19. Bh3 Bxg5 20. Nxg5 Qe7 21. Ne3 Nc4 22.
Rab1 Nxe3 23. Rxe3 Rc6 24. g4 hxg4 25. Bxg4 b4 26. Rh3 a5 27. f4 Ba6 28. Qf3 f6
29. Nxe6 Nxe6 30. Qxd5 Bb7 31. Bxe6+ Qxe6 32. Qg2 Rc1+ 33. Rxc1 Bxg2 34. Kxg2
fxe5 35. Re1 e4 0-1

[Event "Madrid 2019-2020 ch - Previa A"]
[Site "Madrid ESP"]
[Date "2020.02.10"]
[Round "4.15"]
[White "Pashov, Spas Nikolov"]
[Black "Martin-Buitrago Lopez, Antonio"]
[Result "1/2-1/2"]
[WhiteElo "1837"]
[BlackElo "1641"]
[PlyCount "85"]
[EventDate "2020.02.03"]
[EventType "swiss"]
[EventRounds "9"]
[EventCountry "ESP"]
[SourceTitle "Ajedrez en Madrid"]
[Source "lmi"]
[SourceDate "2020.02.03"]
[SourceVersion "1"]
[SourceVersionDate "2020.02.27"]
[SourceQuality "1"]

1. e4 d5 2. exd5 Qxd5 3. Nc3 Qa5 4. d4 Nf6 5. Be2 Bf5 6. Nf3 Ne4 7. Bd2 Nxd2 8.
Qxd2 e6 9. O-O Be7 10. Bc4 c6 11. Rfe1 Qc7 12. Bd3 Bg6 13. Bxg6 hxg6 14. Ne4
Nd7 15. c3 O-O-O 16. g3 Rh5 17. Nfg5 Bxg5 18. Nxg5 Nb6 19. f4 Nd5 20. Re2 Nf6
21. Qe3 Rdh8 22. Qf3 Nh7 23. h4 Nxg5 24. fxg5 Rf8 25. Rxe6 Rhh8 26. Re4 f5 27.
gxf6 Rxf6 28. Qg4+ Kd8 29. Rae1 Rhf8 30. Qg5 Qf7 31. Re6 Kd7 32. Re7+ Qxe7 33.
Rxe7+ Kxe7 34. a4 Kd7 35. b4 Rf1+ 36. Kg2 R8f2+ 37. Kh3 Rf6 38. h5 Rh1+ 39. Kg2
Rxh5 40. Qe3 a6 41. c4 Rhf5 42. Qe2 Re6 43. Qd3 1/2-1/2

[Event "Madrid 2019-2020 ch - Previa A"]
[Site "Madrid ESP"]
[Date "2020.02.10"]
[Round "4.16"]
[White "Villodre Miranda, Juan Alonso"]
[Black "Garcia Sanz, Eduardo"]
[Result "0-1"]
[WhiteElo "1582"]
[BlackElo "1832"]
[PlyCount "94"]
[EventDate "2020.02.03"]
[EventType "swiss"]
[EventRounds "9"]
[EventCountry "ESP"]
[SourceTitle "Ajedrez en Madrid"]
[Source "lmi"]
[SourceDate "2020.02.03"]
[SourceVersion "1"]
[SourceVersionDate "2020.02.27"]
[SourceQuality "1"]

1. c4 e6 2. e4 c5 3. Nc3 Nc6 4. g3 d6 5. Bg2 Be7 6. d3 Nf6 7. Nge2 O-O 8. O-O
a6 9. a4 Qc7 10. h3 b6 11. d4 cxd4 12. Nxd4 Bb7 13. b3 Rfd8 14. Nxc6 Bxc6 15.
Qe2 Nd7 16. Ba3 Bf6 17. Rac1 Nc5 18. b4 Nb3 19. Rb1 Bxc3 20. Rxb3 Bd4 21. b5
Bb7 22. Bb2 Bxb2 23. Rxb2 axb5 24. axb5 Ra4 25. Rc2 Qc5 26. Rfc1 Ra3 27. Qd2
Rxg3 28. Kh2 Ra3 29. f4 Qe3 30. Re1 Qg3+ 31. Kh1 Rd3 32. Qf2 Qxf2 33. Rxf2 Rc3
34. Bf3 f5 35. Kh2 Bxe4 36. Rd2 d5 37. cxd5 exd5 38. Ra1 d4 39. Bg2 Rc2 40.
Rad1 Rxd2 41. Rxd2 d3 42. Kg3 Rc8 43. Bxe4 fxe4 44. Rd1 g6 45. Kf2 Rc2+ 46. Ke3
Re2+ 47. Kd4 d2 0-1

[Event "Madrid 2019-2020 ch - Previa A"]
[Site "Madrid ESP"]
[Date "2020.02.10"]
[Round "4.17"]
[White "Gonzalez-Ruano Perez, Cesar"]
[Black "Maseda Iglesias, Luis"]
[Result "0-1"]
[WhiteElo "1855"]
[BlackElo "1735"]
[PlyCount "84"]
[EventDate "2020.02.03"]
[EventType "swiss"]
[EventRounds "9"]
[EventCountry "ESP"]
[SourceTitle "Ajedrez en Madrid"]
[Source "lmi"]
[SourceDate "2020.02.03"]
[SourceVersion "1"]
[SourceVersionDate "2020.02.27"]
[SourceQuality "1"]

1. c4 d6 2. g3 Nf6 3. Bg2 e5 4. e4 Be7 5. Ne2 O-O 6. Nbc3 c5 7. d3 Nc6 8. h3
Bd7 9. O-O Nd4 10. Kh2 b5 11. Nxd4 cxd4 12. Nxb5 Bxb5 13. cxb5 Qa5 14. a4 Rfc8
15. Bd2 Qb6 16. b4 Rc7 17. h4 Qb7 18. Bh3 Rd8 19. Qb3 d5 20. exd5 Qxd5 21. Qxd5
Nxd5 22. Rfc1 Rxc1 23. Rxc1 Bxb4 24. Bxb4 Nxb4 25. Bf1 Nd5 26. Rc5 f6 27. Bg2
Nc3 28. Rc7 Nxa4 29. Rxa7 Nc5 30. b6 Nd7 31. Rxd7 Rxd7 32. b7 Rd8 33. Bd5+ Kf8
34. g4 Ke7 35. Kg3 Kd6 36. Be4 h6 37. g5 Kc7 38. Kg4 Rb8 39. gxh6 gxh6 40. Kf5
Rxb7 41. Bxb7 Kxb7 42. Kxf6 e4 0-1

[Event "Madrid 2019-2020 ch - Previa A"]
[Site "Madrid ESP"]
[Date "2020.02.10"]
[Round "4.18"]
[White "Lopez Orellana, Federico"]
[Black "Barahona Torrijos, Angel"]
[Result "1-0"]
[WhiteElo "1705"]
[BlackElo "1827"]
[PlyCount "103"]
[EventDate "2020.02.03"]
[EventType "swiss"]
[EventRounds "9"]
[EventCountry "ESP"]
[SourceTitle "Ajedrez en Madrid"]
[Source "lmi"]
[SourceDate "2020.02.03"]
[SourceVersion "1"]
[SourceVersionDate "2020.02.27"]
[SourceQuality "1"]

1. d4 Nf6 2. Bg5 c5 3. Bxf6 exf6 4. d5 b5 5. e4 Qb6 6. Nf3 d6 7. Nbd2 Bb7 8. c4
a6 9. cxb5 axb5 10. Qb3 Ba6 11. a4 Qa5 12. Be2 b4 13. Nc4 Qc7 14. O-O Nd7 15.
Nfd2 g6 16. f4 Bg7 17. Rfe1 f5 18. exf5 Bd4+ 19. Kh1 O-O 20. Qg3 Rae8 21. Bd3
Nf6 22. fxg6 fxg6 23. f5 Nh5 24. Qg4 Bc8 25. Nf3 Bf2 26. Rxe8 Rxe8 27. Ng5 Qe7
28. Ne6 Bxe6 29. fxe6 Rf8 30. g3 Bd4 31. Rf1 Rxf1+ 32. Bxf1 Qf8 33. Qe2 Qe7 34.
a5 Nf6 35. Qf3 Ne8 36. Qf4 g5 37. Qf3 Nc7 38. b3 Kg7 39. Bd3 Kh8 40. Kg2 Bf6
41. Ne3 Ne8 42. Nf5 Qf8 43. Qe4 Be7 44. a6 Nf6 45. Qf3 g4 46. Qf1 Nxd5 47. Qa1+
Bf6 48. Qe1 Ne7 49. Nxe7 Qxe7 50. Qe4 Bg5 51. Qa8+ Kg7 52. Qb7 1-0

[Event "Madrid 2019-2020 ch - Previa A"]
[Site "Madrid ESP"]
[Date "2020.02.10"]
[Round "4.19"]
[White "Corral Aragon, Juan Maria"]
[Black "Gortazar Rubial, Javier Maria"]
[Result "1-0"]
[WhiteElo "1766"]
[BlackElo "1633"]
[PlyCount "97"]
[EventDate "2020.02.03"]
[EventType "swiss"]
[EventRounds "9"]
[EventCountry "ESP"]
[SourceTitle "Ajedrez en Madrid"]
[Source "lmi"]
[SourceDate "2020.02.03"]
[SourceVersion "1"]
[SourceVersionDate "2020.02.27"]
[SourceQuality "1"]

1. e4 e5 2. Nf3 Nc6 3. Bb5 a6 4. Ba4 Nf6 5. O-O Be7 6. Bxc6 dxc6 7. Nxe5 Qd4 8.
Nf3 Qxe4 9. Re1 Qd5 10. Nc3 Qd6 11. Qe2 Bg4 12. Qe5 Qxe5 13. Nxe5 Be6 14. d3
O-O 15. Bf4 Bd6 16. d4 Rfe8 17. Nd3 Bxf4 18. Nxf4 Bf5 19. d5 cxd5 20. Nfxd5
Nxd5 21. Nxd5 Kf8 22. Nxc7 Rxe1+ 23. Rxe1 Rc8 24. Nd5 Rxc2 25. Ne3 Rc5 26. b4
Re5 27. f4 Re4 28. g3 Be6 29. a3 f6 30. Kf2 Bb3 31. Rc1 Re7 32. Rc8+ Kf7 33.
Nf5 Rd7 34. Rc3 Be6 35. Ne3 Ke7 36. g4 g6 37. Kg3 Kf8 38. f5 gxf5 39. gxf5 Bf7
40. Ng4 Kg7 41. Nf2 Kf8 42. Ne4 Kg7 43. Kf4 Be8 44. Nc5 Re7 45. Ne6+ Kf7 46.
Rg3 Bd7 47. Rg7+ Ke8 48. Rg8+ Kf7 49. Rf8# 1-0

[Event "Madrid 2019-2020 ch - Previa A"]
[Site "Madrid ESP"]
[Date "2020.02.10"]
[Round "4.20"]
[White "Fernandez Garcia, Ignacio"]
[Black "Del Castillo Izquierdo, Jose"]
[Result "1-0"]
[WhiteElo "1755"]
[BlackElo "1602"]
[PlyCount "53"]
[EventDate "2020.02.03"]
[EventType "swiss"]
[EventRounds "9"]
[EventCountry "ESP"]
[SourceTitle "Ajedrez en Madrid"]
[Source "lmi"]
[SourceDate "2020.02.03"]
[SourceVersion "1"]
[SourceVersionDate "2020.02.27"]
[SourceQuality "1"]

1. e4 e5 2. Nf3 Nc6 3. Nc3 Bc5 4. Bc4 Nf6 5. d3 h6 6. h3 d6 7. Be3 Bxe3 8. fxe3
Ne7 9. Qe2 c6 10. Bb3 b5 11. O-O-O a5 12. a4 Qc7 13. axb5 cxb5 14. Nxb5 Qb6 15.
Ba4 O-O 16. g4 Bd7 17. c4 Rfc8 18. Kb1 Bc6 19. g5 Nxe4 20. dxe4 Bxe4+ 21. Ka1
hxg5 22. Nxg5 Bxh1 23. Qh5 Ng6 24. Rf1 Rxc4 25. Qh7+ Kf8 26. Rxf7+ Ke8 27. Qg8+
1-0

[Event "Madrid 2019-2020 ch - Previa A"]
[Site "Madrid ESP"]
[Date "2020.02.10"]
[Round "4.21"]
[White "Ruiz Quevedo, Andres"]
[Black "Alises Fontecha, Juan"]
[Result "1/2-1/2"]
[WhiteElo "1898"]
[BlackElo "1586"]
[PlyCount "120"]
[EventDate "2020.02.03"]
[EventType "swiss"]
[EventRounds "9"]
[EventCountry "ESP"]
[SourceTitle "Ajedrez en Madrid"]
[Source "lmi"]
[SourceDate "2020.02.03"]
[SourceVersion "1"]
[SourceVersionDate "2020.02.27"]
[SourceQuality "1"]

1. g3 d5 2. Nf3 Nf6 3. Bg2 g6 4. O-O Bg7 5. c4 c6 6. Qa4 dxc4 7. Qxc4 O-O 8. d4
Na6 9. Nc3 Be6 10. Qa4 Nd5 11. e4 Nb6 12. Qd1 Bc4 13. Re1 Nb4 14. Be3 Nd3 15.
Re2 e5 16. dxe5 Nxe5 17. Rd2 Nxf3+ 18. Qxf3 Qe7 19. a4 Ba6 20. Rad1 Rfd8 21.
Bc5 Qe8 22. b3 Nd7 23. Bd6 Ne5 24. Qe3 Nd3 25. Rxd3 Bxd3 26. e5 Rxd6 27. exd6
Qxe3 28. fxe3 Bc2 29. Rd2 Bf5 30. Ne4 Bxe4 31. Bxe4 Rd8 32. Bg2 Be5 33. d7 f5
34. e4 f4 35. gxf4 Bxf4 36. Rd3 Bc7 37. Bh3 Kf7 38. Kg2 Ke7 39. Rf3 Rf8 40.
Rxf8 Kxf8 41. Bg4 Ke7 42. h4 c5 43. h5 a6 44. hxg6 hxg6 45. Kf3 b5 46. axb5
axb5 47. e5 c4 48. bxc4 bxc4 49. Ke4 c3 50. Kd3 Bxe5 51. Kc2 Bf6 52. Kb3 Kd6
53. Kc2 Ke5 54. Kd3 Kf4 55. Bd1 g5 56. Ke2 Ke4 57. Bc2+ Kd4 58. Bf5 Kc4 59. Kd1
Kb3 60. Kc1 g4 1/2-1/2

[Event "Madrid 2019-2020 ch - Previa A"]
[Site "Madrid ESP"]
[Date "2020.02.10"]
[Round "4.22"]
[White "De Diego Ferrer, Emilio"]
[Black "Giron Herranz, Juan"]
[Result "0-1"]
[WhiteElo "1883"]
[BlackElo "1580"]
[PlyCount "124"]
[EventDate "2020.02.03"]
[EventType "swiss"]
[EventRounds "9"]
[EventCountry "ESP"]
[SourceTitle "Ajedrez en Madrid"]
[Source "lmi"]
[SourceDate "2020.02.03"]
[SourceVersion "1"]
[SourceVersionDate "2020.02.27"]
[SourceQuality "1"]

1. c4 g6 2. g3 Bg7 3. Bg2 d6 4. Nc3 Nf6 5. d3 O-O 6. h3 c6 7. e4 e5 8. Nge2 Be6
9. O-O Na6 10. f4 Qb6+ 11. Kh2 exf4 12. Bxf4 Rad8 13. Na4 Qa5 14. Rb1 Nh5 15.
b4 Qc7 16. b5 Nxf4 17. Nxf4 Nc5 18. Nb2 cxb5 19. d4 Na4 20. Nxa4 bxa4 21. Nxe6
fxe6 22. d5 Rxf1 23. Qxf1 exd5 24. cxd5 Qc2 25. Qd1 Qxd1 26. Rxd1 Rc8 27. Rd2
Be5 28. Bf3 Rc3 29. Kg2 b5 30. g4 b4 31. Bd1 Rg3+ 32. Kf1 Rxh3 33. Bxa4 Rh1+
34. Ke2 Rh2+ 35. Kd1 Rxd2+ 36. Kxd2 h5 37. gxh5 gxh5 38. Kd3 Kf7 39. Kc4 Bc3
40. Kb5 Kf6 41. Bd1 h4 42. Bg4 Ke5 43. Bf3 h3 44. Ka6 Bd4 45. Kb5 Bc5 46. Bh1
h2 47. Bg2 Kd4 48. Bh1 a6+ 49. Kxa6 Kc3 50. Kb5 Kb2 51. e5 Kxa2 52. e6 b3 53.
e7 b2 54. e8=Q b1=Q+ 55. Kc6 Qb6+ 56. Kd7 Qb5+ 57. Ke7 Qxe8+ 58. Kxe8 Kb2 59.
Kf7 Kc2 60. Ke6 Kd2 61. Kf5 Ke2 62. Kg4 Kf2 0-1

[Event "Madrid 2019-2020 ch - Previa A"]
[Site "Madrid ESP"]
[Date "2020.02.10"]
[Round "4.23"]
[White "Martin Vazquez, Jose Luis"]
[Black "Gonzalez Recas, Fernando"]
[Result "1-0"]
[WhiteElo "1789"]
[BlackElo "1548"]
[PlyCount "77"]
[EventDate "2020.02.03"]
[EventType "swiss"]
[EventRounds "9"]
[EventCountry "ESP"]
[SourceTitle "Ajedrez en Madrid"]
[Source "lmi"]
[SourceDate "2020.02.03"]
[SourceVersion "1"]
[SourceVersionDate "2020.02.27"]
[SourceQuality "1"]

1. e4 d6 2. d4 Nf6 3. Nc3 g6 4. Be3 c6 5. Qd2 Bg7 6. f3 Qc7 7. Bh6 O-O 8. h4 e5
9. Nge2 Nbd7 10. h5 exd4 11. Nxd4 Ne5 12. Bxg7 Kxg7 13. hxg6 fxg6 14. O-O-O Qf7
15. Nb3 Rd8 16. Be2 Nh5 17. Rxh5 Be6 18. Qh6+ Kg8 19. Rh2 Qg7 20. Qxg7+ Kxg7
21. Rdh1 h5 22. Nd4 Bf7 23. g4 Rh8 24. gxh5 Rxh5 25. f4 Rxh2 26. Rxh2 Nd7 27.
Bg4 Nf6 28. Bf3 Re8 29. b3 a6 30. a4 c5 31. Nde2 Rh8 32. Rxh8 Kxh8 33. Nd5 Kg7
34. Ng3 Nxd5 35. exd5 Kf6 36. c4 Be8 37. Bg4 b5 38. a5 bxc4 39. bxc4 1-0